000 01189nam a2200373 i 4500
001 13308
003 KOSZ 005
005 20240405063017.0
008 960606s1971 pl f |000 0 pol d
040 _cKOSZ 005
_aKOSZ 005
_dKOSZ 005/HR
041 _apol
045 _bd1971
046 _k1971
080 _a62
080 _a(083)
245 0 _aTerminarz technika 1971 /
_bred. J. Pląskowski [et al.] ; Naczelna Organizacja Techniczna w Polsce.
260 _aWarszawa :
_bWydawnictwo Czasopism Technicznych NOT,
_c1971.
300 _awiele liczb. :
_bil. ;
_c15 cm.
336 _2rdacontent
_aTekst
_btxt
337 _2rdamedia
_aBez urządzenia pośredniczącego
_bn
338 _2rdacarrier
_aWolumin
_bnc
380 _aKsiążki
380 _aPublikacje informacyjne
385 _mInżynierowie
388 _a1901-2000
388 _a1945-1989
658 _aInżynieria i technika
648 4 _a1901-2000
650 4 _aTechnika
648 4 _a1945-1989
700 1 0 _aPląskowski, Jan
_d(1904-1973)
_eRedakcja
856 _uhttp://koha.tu.koszalin.pl/cgi-bin/koha/opac-detail.pl?biblionumber=13308
_yKatalog online BPK
942 _cKS
_2UKD
999 _c13308
_d13308